000 00482nam a22001697a 4500
005 20251108175220.0
008 250721s1996 xx 000 0 ara d
082 1 4 _aق/جاغ
100 1 _aشديد، اسكندر
245 1 0 _aألف ليلة و ليلة الهند جاغانات /
264 1 _aبيروت :
_bدار الخيال،
_c1996.
300 _a226ص.
650 1 7 _aالروايات
650 1 7 _aالادب المترجم
942 _2ddc
_cBK
999 _c128902
_d128902